000 01014nam a22003014a 4500
001 474
003 OSt
005 20250902131104.0
008 250902b |||||||| |||| 00| 0 eng d
020 _a8526216937
040 _bpor
041 _hpor
082 0 4 _a028.5
_bA161q
100 1 _aAbramovich, Fanny,
_d1940-2017
_91019
245 1 0 _aQue raio de professora sou eu? /
_cFanny Abramovich ; [ilustrçoes: Celia Eid].
250 _a4. ed. -
260 _aSão Paulo :
_bScipione,
_c1994.
300 _a96p. :
_bil. ;
520 _aLaura é professora da História, tem 33 anos e é divorciada. Um dia resolve escrever um diário, que acaba sendo também um registo dos bastidores do magistério e do universo estudantil no Brasil de hoje.
650 _aLiteratura Brasileira
_9205
650 _aInfantojuvenil
_9200
650 0 _aEducação
_920
655 0 _aRomance
_923
655 0 _aNão Ficção
_9102
700 1 _aEid, Celia.
_eIlustradora
_91020
830 0 _aDiálogo
_9997
942 _2ddc
_n0
_cBK
999 _c474
_d474